Edukačné centrum STU

Na minha lista:
Detalhes bibliográficos
Autor principal: Žák, Michal (Author)
Outros Autores: Botek, Andrej, 1957- (Thesis advisor)
Formato: Manuscrito Livro
Idioma:eslovaco
Publicado em: Bratislava 2015
Assuntos:
Acesso em linha:http://is.stuba.sk/zp/portal_zp.pl?podrobnosti=94186
Tags: Adicionar Tag
Sem tags, seja o primeiro a adicionar uma tag!

MARC

LEADER 00000ntm a22000003a 4500
001 stuzp52478
003 SK-STU
005 20210301133523.2
007 ta
008 150427s2015----xo-----f-mn---000-0-slo-d
040 |a STU  |b slo 
041 0 |a slo 
100 1 |a Žák, Michal  |u 053130  |4 aut  |U FAD Fakulta architektúry  |T FA Ústav dejín a teórie architektúry a obnovy pamiatok  |X 62206  |U A3130  |Y 394  |7 62206 
242 0 1 |a Educational centre STU  |y eng 
245 1 0 |a Edukačné centrum STU 
260 |c 2015  |a Bratislava 
650 4 |a Verejný priestor  |2 slo 
650 4 |a Átrium  |2 slo 
650 4 |a Školstvo  |2 slo 
650 4 |a Passage  |2 eng 
650 4 |a Education  |2 eng 
650 4 |a Public space  |2 eng 
700 1 |a Botek, Andrej,  |d 1957-  |4 ths  |X 351  |7 A000000351 
856 4 |u http://is.stuba.sk/zp/portal_zp.pl?podrobnosti=94186  |u https://opac.crzp.sk/?fn=detailBiblioForm&sid=367CD704F5D5570C76E4F4DE3652 
SQL |a stuzp52478  |b DBP  |c SLO  |d Edukačné centrum STU  |e 62206  |f Žák, Michal  |g 053130  |h 351  |i Botek, Andrej  |j 20150612  |k 149  |l 05  |m http://is.stuba.sk/zp/portal_zp.pl?podrobnosti=94186  |n B-AU  |o 5.1.1. architektúra a urbanizmus